| 000 | 00697nam a22002417a 4500 | ||
|---|---|---|---|
| 001 | 1970207 | ||
| 003 | AM-YEHGA | ||
| 005 | 20250617164856.0 | ||
| 008 | 240828s1938 fr ||||| |||| 00| 0 fre d | ||
| 040 | _aAM-YeHGA | ||
| 041 | 0 | _afre | |
| 100 | 1 | _aMatricon, Marcel | |
| 245 | 1 | 0 |
_aApplication de la méthode du champ self-consistent aux noyaux atomiques / _cPar M. Matricon. |
| 260 |
_aParis : _bHermann & Cie, Éditeurs, _c1938. |
||
| 300 | _a88 p. | ||
| 440 | 0 |
_aActualités scientifiques et industrielles ; _v654 |
|
| 440 | 0 |
_aPhysique théorique ; _vXXIII |
|
| 650 | 1 | 4 | _aElectromagnetic theory |
| 650 | 1 | 4 | _aAtoms |
| 650 | 1 | 4 | _aQuantum theory |
| 942 |
_2udc _cBK |
||
| 090 | _c569835 | ||
| 999 |
_c531079 _d531079 |
||